Piłkarze województwa dolnośląskiego - nagła śmierć - Statystyki

Ogólne statystyki
  • Ten quiz został rozwiązany 11 razy
  • Średni wynik to 3 z 10
Answers on the Grid
Answers color-coded by a green-red scale on the quiz's grid according to % correct below.
Sebastian Bergier
Kacper Chodyna
Damian Dąbrowski
Kamil Drygas
Rafał Gikiewicz
Filip Jagiełło
Jarosław Kubicki
Rafał Leszczyński
Aleks Ławniczak
Tomasz Makowski
Michał Nalepa
Krzysztof Piątek
Tomasz Pieńko
Jacek Podgórski
Łukasz Poręba
Kajetan Szmyt
Miłosz Trojak
Mateusz Wdowiak
Szymon Włodarczyk
Piotr Zieliński
 
Statystyki odpowiedzi
Odpowiedź % Poprawnych
Piotr Zieliński
60%
Krzysztof Piątek
50%
Sebastian Bergier
50%
Damian Dąbrowski
30%
Filip Jagiełło
30%
Tomasz Pieńko
30%
Jarosław Kubicki
20%
Szymon Włodarczyk
20%
Łukasz Poręba
10%
Miłosz Trojak
0%
Nie znaleziono quizów pasujących do podanych kryteriów
Rozkład punktacji
Procent ludzi z każdym wynikiem
Percentyl według liczby udzielonych odpowiedzi
Twoja historia wyników
Nie rozwiązałeś tego quizu